00780nam a2200193 a 450000100100000000500170001000800410002704000250006808200150009310000200010824501030012826000390023130000210027050000740029150500420036570000490040795201130045699900170056900004610320201002052635.0150622sxxu dr 000 0 spa d aDO-SdBNPbspacBNPHU axxxxbxxxx1 aPlatón94210810aDefensa de Sócrates /ctraducción del griego, prólogo y notas de Francisco García Yagüe. aSanto Domingo :b[s.n.].,c[s.f.]. a142 p. ;c17 cm. aIncluye referencias bibliográficas y notas al pie de las páginas.0 aFedón o de la inmortalidad del alma12aGarcía Yagüe, Francisco,epról.974170 0010718PDaPDbPDcCTd2015-06-22iLF1l0oxxxx xxxxp46103-10r2020-06-25w2020-06-25yLFPDZNo se presta c45592d45592